Saint Michael the Archangel: Three Encomiums. The coptic texts, with extracts from arabic and ethiopic versions, edited, with a translation by E. A. Wallis Budge, Litt. D.
Enregistré dans:
| Auteurs principaux: | , |
|---|---|
| Format: | Livre |
| Langue: | anglais grec arabe |
| Publié: |
Londres
Kegan Paul, Trench, Trübner & Co
1894
|
| Édition: | 1a. ed |
| Sujets: | |
| Tags: |
Ajouter un tag
Pas de tags, Soyez le premier à ajouter un tag!
|
MARC
| LEADER | 00000nam a2200000 a 4500 | ||
|---|---|---|---|
| 001 | UCJ8130 | ||
| 003 | CL-VaPUC | ||
| 008 | 070124e18940000UK |||||||||||||||||eng|d | ||
| 041 | 0 | 7 | |a eng |2 CL-VaPUC |
| 041 | 0 | 7 | |a gre |2 CL-VaPUC |
| 041 | 0 | 7 | |a ara |2 CL-VaPUC |
| 082 | 0 | 4 | |a 892 |b TEO |2 21 |
| 100 | 0 | |a Teodosio, Arzobispo de Alejandría |e author |9 516808 | |
| 700 | 0 | |a Severo, Patriarca de Antioquía |e author |9 516809 | |
| 245 | 1 | 0 | |a Saint Michael the Archangel: Three Encomiums. The coptic texts, with extracts from arabic and ethiopic versions, edited, with a translation by E. A. Wallis Budge, Litt. D. |
| 250 | |a 1a. ed | ||
| 300 | |a xxxvii, 350 p | ||
| 942 | |c BK | ||
| 945 | |d 20070124 00:00:00 |a rinostro | ||
| 260 | |a Londres |b Kegan Paul, Trench, Trübner & Co |c 1894 | ||
| 600 | 0 | 7 | |a MIGUEL ARCANGEL |2 CL-VaPUC |9 516810 |
| 600 | 0 | |a Wallis Budge, Ernest Alfred |e author |9 516815 | |
| 650 | 0 | |a Angelología |9 434404 | |
| 650 | 7 | |a LITERATURA CRISTIANA PRIMITIVA |2 CL-VaPUC |9 516812 | |
| 583 | |a last modification |c 20070124 00:00:00 |k Rodrigo Vera | ||
| 999 | |c 323927 |d 323925 | ||
| 952 | |0 0 |1 0 |4 0 |6 892_000000000000000_TEO_1894 |7 0 |8 X |9 403786 |a FDOBUD |b FDOBUD |d 2019-11-22 |i 1073273 |o 892 TEO 1894 |p 1073273 |r 2019-11-22 |w 2019-11-22 |y BK_X |k BUD | ||